| 000 | 005080000a22000970004500 | ||
|---|---|---|---|
| 245 | 1 | 0 | _aCapital Humano para la Competitividad |
| 300 | _aVol.0, núm.12 (Mayo, 2009); Pág. 3-4 | ||
| 520 | _aLa necesidad de articular el sistema de educación media y superior con una estrategía global de competitividad para aumentar la productividad de Colombia ante el mundo es el llamado de la Comisión Nacional de Competitividad al sistema educativo. | ||
| 773 | 0 | _tEducación superior : Boletín informativo | |
| 942 | _cANA | ||
| 999 |
_c63477 _d63477 |
||